书目信息 |
| 题名: |
配电线路
|
|
| 作者: | 马振良 编 | |
| 分册: | ||
| 出版信息: | 北京 中国电力出版社 2007.02 |
|
| 页数: | 324页 | |
| 开本: | 26cm | |
| 丛书名: | ||
| 单 册: | ||
| 中图分类: | TM726 | |
| 科图分类: | ||
| 主题词: | 配电线路--pei dian xian lu--职业教育--教材 | |
| 电子资源: | ||
| ISBN: | 978-7-5083-4807-0 | |
| 000 | 01089nam0 2200265 450 | |
| 001 | 012008039561 | |
| 005 | 20080507114143.76 | |
| 010 | @a978-7-5083-4807-0@dCNY29.80 | |
| 100 | @a20080507d2007 em y0chiy0120 ea | |
| 101 | 0 | @achi |
| 102 | @aCN@b110000 | |
| 105 | @aak a 000yy | |
| 106 | @ar | |
| 200 | 1 | @a配电线路@Apei dian xian lu@f马振良编@Fma zhen liang bian |
| 210 | @a北京@c中国电力出版社@d2007.02 | |
| 215 | @a324页@c图@d26cm | |
| 300 | @a全国电力职业教育规划教材 | |
| 320 | @a有书目 (第324页) | |
| 330 | @a全书以模块的方式,共分为4个模块19个单元119个课题。本书按照配电线路人员工作中所需要的基础知识和技能要求进行了阐述。其中,基础知识部分包括电工基础,力学知识、识绘图知识,电测仪表,电力系统,安全生产知识;电气设备部分包括配电线路,变压器及配电设备;配电线路的运行维护部分包括运行与操作,巡视工作,配电线路的防护,故障的查找 | |
| 333 | @a职业技术院校电力技术类专业教学用书 | |
| 606 | 0 | @a配电线路@Apei dian xian lu@x职业教育@j教材 |
| 690 | @aTM726@v4 | |
| 701 | 0 | @a马振良@Ama zhen liang@4编 |
| 801 | 0 | @aCN@bQSSK@c20080507 |
| 905 | @b706742-44@dTM726@eM244@f3 | |
| 配电线路/马振良编.-北京:中国电力出版社,2007.02 |
| 324页:图;26cm |
| 全国电力职业教育规划教材.-使用对象:职业技术院校电力技术类专业教学用书 |
| ISBN 978-7-5083-4807-0:CNY29.80 |
| 全书以模块的方式,共分为4个模块19个单元119个课题。本书按照配电线路人员工作中所需要的基础知识和技能要求进行了阐述。其中,基础知识部分包括电工基础,力学知识、识绘图知识,电测仪表,电力系统,安全生产知识;电气设备部分包括配电线路,变压器及配电设备;配电线路的运行维护部分包括运行与操作,巡视工作,配电线路的防护,故障的查找 |
| ● |
| 相关链接 |
|
|
|
正题名:配电线路
索取号:TM726/M244
 
预约/预借
| 序号 | 登录号 | 条形码 | 馆藏地/架位号 | 状态 | 备注 |
| 1 | 706742 | 207067421 | 自科库301/301自科库 18排1列2层/ [索取号:TM726/M244] | 在馆 | |
| 2 | 706743 | 207067430 | 自科二线404/404自科库 13排6列3层/ [索取号:TM726/M244] | 在馆 | |
| 3 | 706744 | 207067449 | 自科库301/301自科库 18排1列2层/ [索取号:TM726/M244] | 在馆 |